[Event "Calvia Amateur op 13th"]
[Site "Calvia"]
[Date "2016.10.12"]
[Round "5"]
[White "Ijurko Erroizena, Jose Angel"]
[Black "Reuker, Jari"]
[Result "0-1"]
[WhiteElo "1665"]
[BlackElo "2269"]
[PlyCount "50"]
[EventDate "2016.10.08"]
[EventType "swiss"]
[EventRounds "9"]
[EventCountry "ESP"]
[SourceTitle "CBM 175 Extra"]
[Source "ChessBase"]
[SourceDate "2016.12.12"]
[SourceVersion "1"]
[SourceVersionDate "2016.12.12"]
[SourceQuality "1"]

1. d4 Nf6 2. Bf4 d5 3. e3 c5 4. c3 Nc6 5. h3 Qb6 6. Qc2 g6 7. Nf3 Bf5 8. Qc1 Bg7 9. Nbd2 0-0 10. dxc5 Qxc5 11. Be2 Rac8 12. Nb3 Qb6 13. Nfd4 Bd7 14. 0-0 Ne4 15. Nd2 Nc5 16. Bh2 a5 17. Bd1 Nd3 18. Qc2 Nxd4 19. exd4 Qxb2 20. Rb1 Qxc2 21. Bxc2 Rxc3 22. Bxd3 Rxd3 23. Rxb7 Bc6 24. Rc7 Rxd2 25. Rxc6 Bxd4 0-1

[Event "Benidorm op U2000 12th"]
[Site "Benidorm"]
[Date "2013.12.04"]
[Round "7"]
[White "Gillespie, Gary"]
[Black "Ijurko Erroizena, Jose Angel"]
[Result "1-0"]
[WhiteElo "1877"]
[BlackElo "1665"]
[PlyCount "35"]
[EventDate "2013.11.29"]
[EventType "swiss"]
[EventRounds "10"]
[EventCountry "ESP"]
[SourceTitle "CBM 157 Extra"]
[Source "ChessBase"]
[SourceDate "2013.12.19"]
[SourceVersion "1"]
[SourceVersionDate "2013.12.19"]
[SourceQuality "1"]

1. e4 d6 2. Nc3 Nf6 3. f4 e5 4. Bc4 Nbd7 5. Nf3 Be7 6. d3 c6 7. 0-0 0-0 8. Bb3 Re8 9. Kh1 Bf8 10. fxe5 dxe5 11. Bg5 g6 12. d4 Bg7 13. dxe5 h6 14. exf6 hxg5 15. fxg7 Kxg7 16. Qd4+ f6 17. Nxg5 Qc7 18. Ne6+ 1-0

[Event "San Sebastian Gros op 22nd"]
[Site "San Sebastian"]
[Date "2012.09.25"]
[Round "6"]
[White "Ijurko Erroizena, Jose Angel"]
[Black "Elizondo Marquet, Juan Marcos"]
[Result "0-1"]
[WhiteElo "1617"]
[BlackElo "1873"]
[PlyCount "76"]
[EventDate "2012.09.20"]
[EventType "swiss"]
[EventRounds "8"]
[EventCountry "ESP"]
[SourceTitle "EXT 2013"]
[Source "ChessBase"]
[SourceDate "2012.11.22"]
[SourceVersion "1"]
[SourceVersionDate "2012.11.22"]
[SourceQuality "1"]

1. e4 c5 2. Nf3 d6 3. d3 g6 4. g3 Bg7 5. Bg2 Nc6 6. 0-0 Rb8 7. Re1 e6 8. c3 Nge7 9. Bf4 e5 10. Bg5 0-0 11. Nbd2 b5 12. Nf1 Be6 13. Qd2 b4 14. Bh6 bxc3 15. bxc3 Qa5 16. Bxg7 Kxg7 17. Ng5 Bd7 18. Ne3 h6 19. Bh3 Bxh3 20. Nxh3 Rb7 21. Rab1 Rfb8 22. Qc2 Rxb1 23. Rxb1 Rxb1+ 24. Qxb1 Qxc3 25. f4 Nd4 26. Qf1 Qd2 27. Ng4 h5 28. Ngf2 Nf3+ 29. Kg2 Ne1+ 30. Kh1 Nc6 31. Ng1 Nd4 32. fxe5 dxe5 33. Nfh3 Nxd3 34. Nf3 Nxf3 35. Qxf3 c4 36. a3 c3 37. Ng5 Qe1+ 38. Kg2 Qf2+ 0-1